| 000 | 00523nam a2200121Ia 4500 | ||
|---|---|---|---|
| 008 | 220615s9999||||xx |||||||||||||| ||und|| | ||
| 245 | 0 |
_aSensitive Reading _bThe Pleasures of South Asian Literature in Translation (Edition 1) |
|
| 546 | _aEnglish[eng] | ||
| 650 | _aHistory||Asia||India & South Asia||Literary Collections||Asian||Indic||Literary Criticism||Asian||Indic | ||
| 700 | _aBronner, Yigal||Hallisey, Charles | ||
| 856 | _uhttps://library.oapen.org/bitstream/20.500.12657/52004/1/external_content.epub | ||
| 942 | _cEB | ||
| 999 |
_c14615 _d14615 |
||